Elektronické trhy ako významný element v rozvoji cestovného ruchu

Bibliographic Details
Main Author: Grohol, Milan, 1974- (Author)
Format: Article
Language:Slovak
ISBN:807099892X
Subjects:

MARC

LEADER 00000nab a2200000 a 4500
001 vtls000872267
003 SK-MaSNL
005 20260302162153.0
008 161006c2002 xo 0 slo
015 |a SNBRA2004/05-14573 
035 |a CLN000223819 
040 |a SNKBUCL  |b slo  |c SNKBUCL  |e AACR2 
041 0 |a slo 
044 |a xo  |c SK 
080 |a 338.48:332.1:004.738.5  |2 1997 
080 |a 339.162:004.738.5  |2 1997 
080 |a 004.738.5  |2 1997 
100 1 |a Grohol, Milan,  |d 1974-  |4 aut  |9 27475 
245 1 0 |a Elektronické trhy ako významný element v rozvoji cestovného ruchu  |c Milan Grohol 
246 1 1 |a Electronic markets as an important element in regional tourism development 
504 |a Res. angl. 
504 |a Bibliogr. odkazy 
650 0 7 |a ruch cestovný regionálny  |x trh elektronický  |2 snkbucl  |9 861380 
650 0 7 |a trh elektronický  |2 snkbucl  |9 861381 
650 0 7 |a ruch cestovný elektronický  |2 snkbucl  |9 861382 
655 7 |a články zo zborníkov  |2 snkbucl  |9 166140 
773 0 |z 807099892X  |t Geotur 2002  |d Košice : Technická univerzita, Fakulta BERG, 2002  |g S. 27-30 
850 |a Slovenská národná knižnica v Martine 
852 |a SNK  |b KIS3GCP 
958 |a NB 
999 |c 1379331  |d 1381261